Green construction procurement - potential conflicts with EU law and freedom of movement (Record no. 117157)
[ view plain ]
| 000 -LEADER | |
|---|---|
| fixed length control field | 01443cam a2200241 4500 |
| 001 - CONTROL NUMBER | |
| control field | X125700 |
| 008 - FIXED-LENGTH DATA ELEMENTS--GENERAL INFORMATION | |
| fixed length control field | 040331n2004 000 0 eng u |
| 035 ## - SYSTEM CONTROL NUMBER | |
| System control number | (Sirsi) u125700 |
| 100 ## - MAIN ENTRY--PERSONAL NAME | |
| Personal name | Davenport, D. |
| 245 ## - TITLE STATEMENT | |
| Title | Green construction procurement - potential conflicts with EU law and freedom of movement |
| 260 ## - PUBLICATION, DISTRIBUTION, ETC. | |
| Date of publication, distribution, etc. | 2004 |
| 490 ## - SERIES STATEMENT | |
| Series statement | International Construction Law Review |
| Volume/sequential designation | 21(1) January 2004, 83-101(19) |
| 520 ## - SUMMARY, ETC. | |
| Summary, etc. | Examines how EU greening procurement, or the purchasing of public works and services, is progressing. Firstly, at a national and local level, there are efforts to progress sustainability by pursuing strategies which promote the adoption of whole-life green purchasing. Secondly, the EU has pursued the integration of important employment issues with environmental matters, by improving communication. Thirdly, the European Court of Justice (ECJ) has steadily ensured that fundamental economic principles are adhered to, through landmark rulings. Concludes a set of rules and principles are emerging which show the ECJ to be committed to balancing environmental protection with internal market priorities. |
| 590 ## - LOCAL NOTE (RLIN) | |
| Local note | ABS |
| 590 ## - LOCAL NOTE (RLIN) | |
| Local note | ABS |
| 650 ## - SUBJECT ADDED ENTRY--TOPICAL TERM | |
| Topical term or geographic name entry element | FREEDOM OF MOVEMENT |
| 650 ## - SUBJECT ADDED ENTRY--TOPICAL TERM | |
| Topical term or geographic name entry element | GREEN PROCUREMENT |
| 650 ## - SUBJECT ADDED ENTRY--TOPICAL TERM | |
| Topical term or geographic name entry element | EUROPEAN COURT OF JUSTICE |
| 650 ## - SUBJECT ADDED ENTRY--TOPICAL TERM | |
| Topical term or geographic name entry element | ENVIRONMENTAL LAW |
| 650 ## - SUBJECT ADDED ENTRY--TOPICAL TERM | |
| Topical term or geographic name entry element | Sustainability |
| 9 (RLIN) | 6271 |
| 690 ## - LOCAL SUBJECT ADDED ENTRY--TOPICAL TERM (OCLC, RLIN) | |
| Topical term or geographic name as entry element | BUILDING AND CONSTRUCTION-PROCUREMENT, PARTNERING, TENDERING |
| 942 ## - ADDED ENTRY ELEMENTS (KOHA) | |
| Suppress in OPAC | 0 |
| Withdrawn status | Lost status | Source of classification or shelving scheme | Damaged status | Not for loan | Home library | Current library | Shelving location | Date acquired | Total Checkouts | Full call number | Barcode | Date last seen | Copy number | Price effective from | Koha item type |
|---|---|---|---|---|---|---|---|---|---|---|---|---|---|---|---|
| Dewey Decimal Classification | London | London | Journal article | 31/03/2004 | X125700 | 125700-1001 | 06/08/2019 | 1 | 06/08/2019 | Journal article |